00812nam a22001937a 4500999001900000005001700019010001500036020002600051035001400077037001300091082001100104100002700115245013200142260005000274270013000324300002100454942002500475952011800500 c175709d17570920200921144420.0 aENG-128445 c200.00a9789389733068 aEN-111977 bDBAD/PUB a881.08 aMona, Elizabeth Kurian aThe Art and Science of Ghazal:bA Readers' Guide to Urdu Ghazal Appreciation, Sancsion and Prosody/cby Elizabeth Kurian 'Mona' aNew DelhibEducational Publishing Housec2019 aH.O, D1/16 Ansari Road, Darya Ganj, bNew Delhi e110002k45678285, 23214465, 23216162mephindia@gmail.com, info@ephbooks.com a132p.c22cm(pbk) 2ddccENh881.08mMON 001040708NFICaAVbAVd2020-09-21eDBAD/PUBg200.00l0o881.08 MONpEN-111977r2020-09-21 00:00:00v200.00yEN